| 000 | 01368nam0a2200313 4500 | ||
|---|---|---|---|
| 001 | RU\NLR\BIBL_A\022367243 | ||
| 005 | 20260420020622.0 | ||
| 010 |
_a978-5-4420-1042-8 _9300 |
||
| 021 |
_aRU _bКН-П-24-056168 _9КН-П-24-5596 |
||
| 035 | _a(NLR Aleph) 022367243 | ||
| 090 |
_a13668676 _c13668676 |
||
| 100 | _a20241030d2023 u y0rusy50 ca | ||
| 101 | 0 | _arus | |
| 102 | _aRU | ||
| 105 | _aa z 000ay | ||
| 181 | 0 |
_ai3 _baxxe |
|
| 182 | 0 | _an | |
| 200 | 1 |
_aХаристо _eповести, рассказы _fСергей Пылев |
|
| 203 |
_aТекст _bвизуальный _cнепосредственный |
||
| 210 |
_aВоронеж _cВоронежская областная типография _d2023 |
||
| 215 |
_a381 с. _cил. _d21 |
||
| 327 | 0 | _aСодерж.: повести: Харисто; Антимир; Есть ли жизнь на антресолях?; Малая родина; Небоевые потери; Сорок домашних кошаков; Лужа; рассказы: "Обком звонит в колокол!"; Оживший; Мой космос [и др.] | |
| 686 | 2 | _aШ6(2=Р)8-44 | |
| 700 | 1 |
_aПылев _bС. П. _f1948 - _gСергей Прокофьевич |
|
| 942 | _cBOOK | ||
| 980 | _aNB | ||